African countries by rate of illiteracy - Statistics

General Stats
  • This quiz has been taken 31 times
  • The average score is 8 of 10
Answer Stats
Illiteracy Answer % Correct
26.8% South Sudan
97%
36.8% Central African Republic
94%
40.2% Chad
94%
19.1% Niger
94%
38.4% Benin
84%
38.7% Mali
84%
36% Burkina Faso
81%
30.4% Guinea
77%
47.6% Liberia
61%
43.1% Cote d'Ivoire
52%
No matching quizzes found
Score Distribution
Percent of People with Each Score
Percentile by Number Answered
Your Score History
You have not taken this quiz